| 000 | 01227nam a22002777a 4500 | ||
|---|---|---|---|
| 999 |
_c111980 _d111980 |
||
| 003 | dpl | ||
| 005 | 20181114150140.0 | ||
| 008 | 181114b ||||| |||| 00| 0 eng d | ||
| 010 | _aA-920202 | ||
| 020 |
_c25.00 _a8126003073 |
||
| 035 | _aA-920202 | ||
| 037 | _bBPPD/PUB | ||
| 040 |
_aDPL _bHN _c0 |
||
| 082 |
_a821.08 _bतिवारी |
||
| 100 |
_aतिवारी ,सियाराम _945324 |
||
| 245 |
_aभारतीय साहित्य के निर्मात मंझन / _cसियाराम तिवारी |
||
| 246 |
_abhartiya sahitya ke nirmata Manjhan _bby Siyaram Tiwari |
||
| 260 |
_aनई दिल्ली _bसाहित्य अकादेमी _c1998 |
||
| 270 |
_aरविन्द्र भवन 35, फिरोज़शाह मार्ग _bनई दिल्ली _e110001 |
||
| 300 |
_a103पृष्ठ. _c20सेमी (सजिल्द ) |
||
| 650 |
_aहिंदी साहित्य _945325 |
||
| 650 |
_aसूफी कवि -भक्तिकाल _945326 |
||
| 650 |
_aHindi literature _945327 |
||
| 650 |
_aSufi poet Bktikal (medieval) _945328 |
||
| 942 |
_2ddc _cHN _h821.08 _mतिवारी |
||